01877nam a2200217 a 4500008004100000020001800041041000800059092001700067100002400084245003300108250001100141260003600152300002200188500007200210505107100282590006101353655002101414942001301435999001501448952019601463180523e2007 ag |||gr|||| 000 1 sp d a9789502804439 aspa c808l74sRIE1 aRiesco, Nerea93947 aArs mágica /cNerea Riesco a1a ed. aBuenos Aires:bGrijalbo;c2007. a448 p.c23x15 cm. aRiesco, N. (2007). Ars mágica. (1a ed.). Buenos Aires : Grijalbo. aEn 1610, en Logroño, han sido condenadas a la hoguera once personas acusadas de brujería. Sin embargo, amplias zonas del señorío de Vizcaya y Navarra siguen sufriendo la presencia del demonio y sus secuaces... Para tranquilizar al pueblo, el Santo Oficio envía a Alonso de Salazar y Frías, un inquisidor secretamente descreído: ha perdido la fe en Dios y no cree en el diablo ni en las brujas. Su historia se va a cruzar irremediablemente con la de la joven Mayo, que recorre los caminos vendiendo hechizos y ensalmos. A lo largo del viaje, ambos tendrán que enfrentarse a poderes perversos que sembrarán su paso de obstáculos, así como a la muerte de las personas que más aman en el mundo. Una trama apasionante que recupera la fuerza de la tradición mágica de nuestra cultura, en la que está implicada incluso la élite del poder político y religioso del Siglo de Oro, y que se basa en un episodio de nuestra historia que quedó documentado y misteriosamente olvidado en los sótanos del Santo Oficio durante casi tres siglos...  aProyecto 4to libro, donación Victoria Lara, mayo 2018. aLiteratura92917 2ddccLIT c2775d2775 00102ddc4070aBFMbBFMcCRd2018-05-24eDonación Victoria Lara, mayo 2018l0o808 6 RIEp4297r2018-05-24tEj. 1w2018-05-24yLITzProyecto 4to libro. Donación Victoria Lara, mayo 2018